00504nam a2200181Ia 450000500170000000800410001702000180005804000190007604100120009508200130010710000220012024500760014226000330021830000120025165000190026370000300028285000100031220240712101126.0131103s9999 xx 000 0 und d a0 00 271326 8 aLoreto College aEnglish a821bCOS aTabucchi, Antonio aRequiem for a WrencAntonio Tabucchi; translated by Margaret Jull Costa aGreat britainbHarvillc1994 a110 p.  aEnglish poetry aCosta, Margaret Jull; tr. aLCBED